000
00325nam a2200133Ia 4500
005
20260326235453.0
008
260326s9999||||xx |||||||||||||| ||und||
100
_a
Kubach, Hans Erich
245
0
_a
Romanesque Architecture /
_c
Hans Erich Kubach
260
_b
Rizzoli
300
_a
223 p.
650
_a
EDAD MEDIA
942
_c
BK
999
_c
7861
_d
7861